| 000 | 00578 a2200181 4500 | ||
|---|---|---|---|
| 003 | OSt | ||
| 005 | 20231123132147.0 | ||
| 008 | 231123b |||||||| |||| 00| 0 eng d | ||
| 020 | _a9789388818513 | ||
| 040 | _coclc | ||
| 082 |
_a547.1226 _bKAL/B |
||
| 100 |
_aKalsi, P S _94097 |
||
| 245 |
_aBioorganic, bioinorganic and supramolecular chemistry / _cP S Kalsi, J P Kalsi, Ashu Chaudhary |
||
| 250 | _a4th ed. | ||
| 260 |
_aNew Delhi: _bNew age international publishers, _c2022. |
||
| 300 | _a432p | ||
| 942 |
_2ddc _cBK _h547.1226 _iKAL/B _k547.1226 _mKAL/B |
||
| 999 |
_c41885 _d41885 |
||